| 000 | 00697nam a2200205 a 4500 | ||
|---|---|---|---|
| 005 | 20231017063811.0 | ||
| 008 | 991125s1961 mx 000 0 eng u | ||
| 035 | _aUPN01000042041 | ||
| 049 | _aLT | ||
| 050 | 4 |
_aLB1631 M6.2 _bP5.6 LM |
|
| 100 | 1 |
_aPicazo de Murray, Elena _929578 |
|
| 245 | 1 | 0 |
_aNuevo inglés elemental : _blibro segundo para el maestro / _cpor Elena Picazo de Murray y Paul V. Murray ; il. Marion Margaret Adams |
| 260 |
_aMéxico : _bP. M., _c1961 |
||
| 300 |
_a272 p. : _bil. |
||
| 500 | _aTítulo tomado de la cubierta | ||
| 650 | 4 |
_aInglés _xEstudio y enseñanza (Secundaria) _95708 |
|
| 700 | 1 |
_aMurray, Paul V., _ecoaut. _929699 |
|
| 904 |
_aAC _b042043 |
||
| 905 | _aLibro | ||
| 999 |
_c42041 _d42041 |
||